• 首页
  • 本馆介绍
  • 公告通知
  • 最新文献
  • 馆藏检索
  • 电子资源
  • 读者导购
  • 参考咨询
  • 我的图书馆
  • 登录
  • 详细信息显示
  • 放入我的书架
  • 预约/预借图书
  • 作者相关作品
  • 分类相关作品
  • 丛书相关作品
  • 出版社相关作品

书目信息

  • 表格格式
  • 工作单格式
  • 卡片格式
题名:
毕加索画传
    
 
作者: 周时奋 著
分册:  
出版信息: 济南   山东画报出版社  2004
页数: 251页
开本: 21cm
丛书名: 大雅中外艺术大师画传丛书
单 册:
中图分类: K835.515.72
科图分类:
主题词:
电子资源:
ISBN: 7-80603-815-9
000 00784oam2 2200241 45
001 002582338
005 20050104084205.2
010    @a7-80603-815-9@dCNY45.00
100    @a20040630d2004 em y0chiy0110 ea
101 0  @achi
102    @aCN@b370000
105    @aaf z 000yb
200 1  @a毕加索画传@Abi jia suo hua zhuan@f周时奋著@FZhou Shi Fen Zhu
210    @a济南@c山东画报出版社@d2004
215    @a251页@c图@d21cm
225 2  @a大雅中外艺术大师画传丛书
330    @a本书对毕加索的生平与创作作了介绍,还评述了他的为人处世的方式以及艺术价值。书后附有年表。
410    @12001 @a大雅中外艺术大师画传丛书
600  0 @a毕加索@x传记@y西班牙@z1881~1973
690    @aK835.515.72@v4
701  0 @a周时奋@4著
801  0 @aCN@bNLC@c20040721
905    @b341665-669@dK835.515.72@e319ZS@f5
    
    毕加索画传/周时奋著.-济南:山东画报出版社,2004
    251页:图;21cm.-(大雅中外艺术大师画传丛书)
    
    
    ISBN 7-80603-815-9:CNY45.00
    本书对毕加索的生平与创作作了介绍,还评述了他的为人处世的方式以及艺术价值。书后附有年表。
●
相关链接 在E读中查询图书 在五车中查询图书 在当当中查询图书 在豆瓣中查询图书


正题名:毕加索画传     索取号:K835.515.72/319ZS         预约/预借

序号 登录号 条形码 馆藏地/架位号 状态 备注
1 0341665   203416650   第二样本阅览室/ [索取号:K835.515.72/319ZS] 在馆    
2 0341666   203416669   第二借阅区/ [索取号:K835.515.72/319ZS] 在馆    
3 0341667   203416678   第二借阅区/ [索取号:K835.515.72/319ZS] 在馆    
4 0341668   203416687   第二借阅区/ [索取号:K835.515.72/319ZS] 在馆    
5 0341669   203416696   第二借阅区/ [索取号:K835.515.72/319ZS] 在馆    
唐山师范学院图书馆 欢迎您!
大连网信软件有限公司© 版权所有